| 000 | 00393nam a22001457a 4500 | ||
|---|---|---|---|
| 020 | _a9780849322563 | ||
| 040 | _cNUST | ||
| 082 | _a658.4034 CAR | ||
| 100 |
_aCarter, Michael W _9113914 |
||
| 110 |
_aPrice, Camille C _9113934 |
||
| 245 |
_aOperations Research: _bA Practical Introduction |
||
| 260 |
_aBoca Raton: _bCRC Press, _c2001. |
||
| 650 | _aOperations Research | ||
| 942 |
_2ddc _cTEXT |
||
| 999 |
_c595351 _d595351 |
||